[Event "20th HZ Open 2016"]
[Site "Vlissingen NED"]
[Date "2016.08.10"]
[Round "6.11"]
[White "Stany, G.A."]
[Black "Warmerdam, Max"]
[Result "1-0"]
[WhiteTitle "IM"]
[BlackTitle "FM"]
[WhiteElo "2476"]
[BlackElo "2372"]
[WhiteFideId "5029104"]
[BlackFideId "1048104"]
[EventDate "2016.08.06"]

1. e4 c5 2. Nf3 d6 3. d4 cxd4 4. Nxd4 Nf6 5. Nc3 a6 6. h3 e6 7. g4 h6 8. Bg2 Be7
9. Be3 Nc6 10. Qe2 Nxd4 11. Bxd4 e5 12. Be3 b5 13. O-O-O b4 14. Nd5 Nxd5 15.
exd5 O-O 16. Be4 a5 17. Kb1 Bh4 18. Rdg1 Qf6 19. Qd2 Bd7 20. g5 hxg5 21. Rxg5 g6
22. Rg2 Kh7 23. Rhg1 Rab8 24. Qe2 Bf5 25. Qf3 Bxe4 26. Qxe4 Kg7 27. f4 a4 28. f5
Qe7 29. Rg4 Rh8 30. fxg6 f5 31. Qxf5 Rhf8 32. Qe4 Bf2 33. Bh6+ 1-0

[Event "20th HZ Open 2016"]
[Site "Vlissingen NED"]
[Date "2016.08.10"]
[Round "6.12"]
[White "Rosen, Eric S"]
[Black "Liang, Awonder"]
[Result "1/2-1/2"]
[WhiteTitle "IM"]
[BlackTitle "IM"]
[WhiteElo "2385"]
[BlackElo "2465"]
[WhiteFideId "2032562"]
[BlackFideId "2056437"]
[EventDate "2016.08.06"]

1. c4 e5 2. Nc3 Nf6 3. g3 Bb4 4. Nd5 Nxd5 5. cxd5 O-O 6. Bg2 d6 7. a3 Ba5 8. Nf3
c6 9. dxc6 Nxc6 10. O-O Bb6 11. b4 e4 12. Ne1 f5 13. d3 d5 14. Bb2 a6 15. Nc2
Be6 16. Rc1 Qe7 17. e3 Rad8 18. Qe2 Bf7 19. Rfd1 Qe8 20. Rd2 Bh5 21. Qf1 Ne5 22.
Bxe5 Qxe5 23. d4 Qe7 24. f4 Be8 25. Na1 Bb5 26. Qe1 a5 27. Rb2 Rc8 28. Bf1 Bxf1
29. Qxf1 axb4 30. axb4 Rxc1 31. Qxc1 h6 32. Qc3 Qd7 33. Rc2 Ra8 34. Nb3 Kh7 35.
Nc5 Bxc5 36. dxc5 Ra4 37. Rd2 Qe6 38. Kg2 Qf7 39. Qb3 Ra1 40. Qxd5 Qh5 41. Rf2
Rb1 42. h3 Rxb4 43. g4 Qg6 44. Qxf5 Qxf5 45. gxf5 Kg8 46. Rd2 Rc4 47. Rd7 Rxc5
48. Rxb7 Rc3 49. Kf2 Rc2+ 50. Ke1 Rh2 51. Re7 Rxh3 52. Rxe4 Rh5 53. Re5 g6 54.
e4 gxf5 55. Kf2 Rh2+ 56. Kg3 Re2 57. exf5 Ra2 58. Re6 h5 59. Rh6 Kg7 60. Rxh5
Kf6 61. Rg5 Ra1 62. Kf2 Ra3 63. Rh5 Rb3 64. Kg2 Ra3 65. Kf2 1/2-1/2

[Event "20th HZ Open 2016"]
[Site "Vlissingen NED"]
[Date "2016.08.11"]
[Round "7.1"]
[White "Van Wely, Loek"]
[Black "Landa, Konstantin"]
[Result "1/2-1/2"]
[WhiteTitle "GM"]
[BlackTitle "GM"]
[WhiteElo "2657"]
[BlackElo "2597"]
[WhiteFideId "1000268"]
[BlackFideId "4101685"]
[EventDate "2016.08.06"]

1. d4 d5 2. c4 e6 3. Nc3 Nf6 4. cxd5 exd5 5. Bg5 c6 6. e3 Be7 7. Bd3 Nbd7 8.
Nge2 Nf8 9. O-O Ne6 10. Bh4 O-O 11. Qb1 g6 12. b4 a6 13. a4 Ng7 14. b5 axb5 15.
axb5 Bf5 16. Rxa8 Qxa8 17. Nf4 Bxd3 18. Nxd3 Nf5 19. Bxf6 Bxf6 20. Qb2 Nd6 21.
Ra1 Qc8 22. Qb4 Nc4 23. Qc5 Re8 24. bxc6 bxc6 25. h3 Be7 26. Qa7 Bd6 27. Qa6 Qd7
28. Na4 Bc7 29. Nac5 Qd6 30. Nf4 h5 31. h4 Kg7 32. g3 Qf6 33. Nd7 Qd6 34. Nc5
Qf6 35. Nd7 Qd6 1/2-1/2

[Event "20th HZ Open 2016"]
[Site "Vlissingen NED"]
[Date "2016.08.11"]
[Round "7.2"]
[White "Van Foreest, Jorden"]
[Black "Leenhouts, Koen"]
[Result "1-0"]
[WhiteTitle "GM"]
[BlackTitle "IM"]
[WhiteElo "2601"]
[BlackElo "2491"]
[WhiteFideId "1039784"]
[BlackFideId "1008439"]
[EventDate "2016.08.06"]

1. e4 c5 2. Nf3 e6 3. d4 cxd4 4. Nxd4 Nc6 5. Nb5 d6 6. Bf4 e5 7. Be3 Nf6 8. Bg5
a6 9. Bxf6 gxf6 10. N5c3 f5 11. Qh5 Nd4 12. Bc4 Be6 13. Bxe6 Nxe6 14. Nd2 Nd4
15. O-O-O Rc8 16. exf5 b5 17. Nde4 d5 18. Nxd5 Rxc2+ 19. Kb1 Rc6 20. Rxd4 exd4
21. Re1 Kd7 22. Qxf7+ Kc8 23. f6 Qd7 24. Ne7+ Bxe7 25. fxe7 Re6 26. Nd6+ 1-0

[Event "20th HZ Open 2016"]
[Site "Vlissingen NED"]
[Date "2016.08.11"]
[Round "7.3"]
[White "Wan, Yunguo"]
[Black "Sasikiran, Krishnan"]
[Result "1/2-1/2"]
[WhiteTitle "GM"]
[BlackTitle "GM"]
[WhiteElo "2458"]
[BlackElo "2658"]
[WhiteFideId "8603189"]
[BlackFideId "5004985"]
[EventDate "2016.08.06"]

1. e4 e5 2. Nf3 Nc6 3. Bb5 a6 4. Ba4 Nf6 5. O-O Be7 6. d3 d6 7. c3 O-O 8. Nbd2
Re8 9. Re1 Bf8 10. h3 h6 11. Nf1 b5 12. Bb3 Na5 13. Bc2 c5 14. d4 cxd4 15. cxd4
exd4 16. Ng3 Bb7 17. Nxd4 Rc8 18. b3 d5 19. e5 Ne4 20. e6 fxe6 21. Bxe4 dxe4 22.
Bb2 e5 23. Ndf5 Qxd1 24. Raxd1 Rc2 25. Re2 Rxe2 26. Nxe2 Nc6 27. Bc3 a5 28. Neg3
b4 29. Bb2 Nd4 30. Nxd4 exd4 31. Bxd4 Rd8 32. Rd2 Be7 33. Be3 Rxd2 34. Bxd2 Bd5
35. Nf5 Bd8 36. Kf1 h5 37. Ke2 Kf7 38. Bf4 g6 39. Nd4 Bb7 40. h4 Bxh4 41. Bc7
Ba6+ 42. Ke3 Bg5+ 43. f4 exf3+ 44. Kxf3 Bb7+ 45. Kf2 Be7 46. Nf3 Ke6 47. Bxa5
Be4 48. Bb6 g5 49. Be3 Kf5 50. Nd4+ Kg6 51. Ne6 Bb1 52. Bc5 Bf6 53. Bxb4 Bxa2
54. Nc5 Kf5 55. Bd2 h4 56. Be3 g4 57. Ke2 Be7 58. Kf2 Bd6 59. Bd4 Bb1 60. Be3 h3
61. Kg1 Ba2 62. Bf2 g3 63. Be3 h2+ 64. Kh1 Ke5 65. b4 Bc4 66. b5 Bxb5 67. Ne4
Kxe4 68. Bf4 Bc5 69. Bxg3 Bf1 70. Kxh2 1/2-1/2

[Event "20th HZ Open 2016"]
[Site "Vlissingen NED"]
[Date "2016.08.11"]
[Round "7.4"]
[White "Zeng, Chongsheng"]
[Black "Stany, G.A."]
[Result "1/2-1/2"]
[WhiteTitle "GM"]
[BlackTitle "IM"]
[WhiteElo "2538"]
[BlackElo "2476"]
[WhiteFideId "8603847"]
[BlackFideId "5029104"]
[EventDate "2016.08.06"]

1. d4 Nf6 2. c4 g6 3. Nc3 d5 4. Nf3 Bg7 5. cxd5 Nxd5 6. Na4 Nc6 7. e4 Nb6 8. Bb5
O-O 9. Bxc6 bxc6 10. Nc5 Bg4 11. Be3 Nc4 12. Qc2 Nxe3 13. fxe3 Bxf3 14. gxf3 e5
15. dxe5 Bxe5 16. f4 Qh4+ 17. Qf2 Qe7 18. Nd3 Bf6 19. Qg2 Rad8 20. O-O-O Qe6 21.
b3 Bg7 22. Nc5 Qe7 23. Qc2 a5 24. Rxd8 Rxd8 25. Rd1 Rxd1+ 26. Kxd1 Bf8 27. Na4
Qd7+ 28. Qd2 Qg4+ 29. Kc2 Bb4 30. Nc3 Qg1 31. Kb2 h5 32. Qe2 h4 33. Nd1 h3 34.
Kc2 Be1 35. Kd3 Bh4 36. e5 Qg2 37. e4 g5 38. f5 g4 39. f6 Qxe2+ 40. Kxe2 g3 41.
hxg3 h2 42. Nf2 Bxg3 43. Nh1 Bxe5 44. Kf3 Kh7 45. Kg2 Kg6 46. Nf2 Kxf6 47. Ng4+
Ke6 48. Ne3 Bc3 49. Nc4 f5 50. exf5+ Kxf5 51. Kxh2 Ke4 52. Kg2 Kd3 53. Kf3 a4
54. Kf2 axb3 55. axb3 Bd4+ 56. Kf3 Kc3 57. Ke2 Kxb3 58. Kd3 Bc3 59. Ne3 Bh8 60.
Nc4 Bc3 61. Ne3 1/2-1/2

[Event "20th HZ Open 2016"]
[Site "Vlissingen NED"]
[Date "2016.08.11"]
[Round "7.5"]
[White "Ikonnikov, Vyacheslav"]
[Black "Yuan, Ye"]
[Result "1/2-1/2"]
[WhiteTitle "GM"]
[WhiteElo "2536"]
[BlackElo "2166"]
[WhiteFideId "4100972"]
[BlackFideId "8608415"]
[EventDate "2016.08.06"]

1. d4 Nf6 2. c4 g6 3. Nc3 d5 4. cxd5 Nxd5 5. Bd2 Nb6 6. e4 Bg7 7. Be3 O-O 8. Be2
Nc6 9. d5 Ne5 10. Bd4 f5 11. f4 Ng4 12. Bxg7 Kxg7 13. exf5 gxf5 14. Qd4+ Kg8 15.
Nf3 e6 16. h3 Nf6 17. dxe6 Bxe6 18. O-O-O Qxd4 19. Nxd4 Bd7 20. Bf3 c6 21. Rhe1
Rae8 22. b3 Rxe1 23. Rxe1 Re8 24. Re5 Rxe5 25. fxe5 Ne8 26. Kd2 Nc7 27. Ke3 c5
28. Nde2 Bc8 29. Kf4 Kf7 30. Ng3 Kg6 31. Bh5+ Kh6 32. Bf7 Kg7 33. e6 Kf6 34.
Nh5+ Ke7 35. Kxf5 Nxe6 36. Bg8 c4 37. b4 Ng7+ 38. Kg5 Nxh5 39. Kxh5 Be6 40. Bxh7
Nd5 41. Nxd5+ Bxd5 42. g4 c3 43. Bc2 Bxa2 44. Kg5 b6 45. h4 a5 46. bxa5 bxa5 47.
Kf4 Bf7 48. Ke3 a4 49. Bxa4 Bg6 50. Ke2 Bh5 51. gxh5 Kf6 52. Bc2 Kg7 53. Kf3 Kh8
54. Kf4 Kg7 55. Kg5 Kh8 56. Kg6 Kg8 57. h6 Kh8 58. Kf7 1/2-1/2

[Event "20th HZ Open 2016"]
[Site "Vlissingen NED"]
[Date "2016.08.11"]
[Round "7.6"]
[White "Lin, Chen"]
[Black "Mu, Ke"]
[Result "0-1"]
[WhiteTitle "GM"]
[WhiteElo "2516"]
[BlackElo "2419"]
[WhiteFideId "8602298"]
[BlackFideId "8602778"]
[EventDate "2016.08.06"]

1. e4 e6 2. Qe2 c5 3. Nf3 Nc6 4. d3 g6 5. Bg5 Qc7 6. Qd2 Bg7 7. Nc3 a6 8. O-O-O
h6 9. Be3 Nd4 10. Ne2 Nxf3 11. gxf3 d5 12. Kb1 d4 13. Bf4 e5 14. Bg3 g5 15. h4
f6 16. c3 Qb6 17. cxd4 cxd4 18. Rc1 Ne7 19. Bh3 Bxh3 20. Rxh3 Kf7 21. Rhh1 Rac8
22. Bh2 Ng6 23. Bg3 Qb5 24. Rc2 Ne7 25. Rhc1 Rxc2 26. Rxc2 Rc8 27. Nc1 Rxc2 28.
Qxc2 Nc6 29. hxg5 fxg5 30. Qd1 Kg6 31. Qg1 Bf6 32. f4 exf4 33. Bxf4 Nb4 34. Qg3
Qc6 35. a3 Be5 36. axb4 Bxf4 37. Qg1 Qxc1+ 38. Qxc1 Bxc1 39. Kxc1 g4 40. Kd2 Kg5
41. Ke2 Kf4 42. Kf1 h5 43. Kg2 h4 44. Kf1 h3 45. Kg1 Kf3 46. e5 h2+ 0-1

[Event "20th HZ Open 2016"]
[Site "Vlissingen NED"]
[Date "2016.08.11"]
[Round "7.7"]
[White "Van Foreest, Lucas"]
[Black "Oleksiyenko, Mykhaylo"]
[Result "0-1"]
[BlackTitle "GM"]
[WhiteElo "2393"]
[BlackElo "2610"]
[WhiteFideId "1039792"]
[BlackFideId "4152417"]
[EventDate "2016.08.06"]

1. e4 e6 2. d4 d5 3. Nd2 Nf6 4. e5 Nfd7 5. c3 c5 6. Bd3 Nc6 7. Ne2 cxd4 8. cxd4
f6 9. exf6 Qxf6 10. Nf3 h6 11. O-O Bd6 12. Ng3 O-O 13. Be3 Rd8 14. Bc2 Nf8 15.
Re1 Bd7 16. Rc1 Be8 17. a3 a6 18. b4 Rdc8 19. Rf1 b5 20. Bd3 Bg6 21. Be2 Nd7 22.
a4 Rab8 23. axb5 axb5 24. Qb3 Qe7 25. Bd2 Nf6 26. Rfe1 Ne4 27. Nxe4 Bxe4 28. Qb2
Nxb4 29. Rxc8+ Rxc8 30. Rc1 Rxc1+ 31. Qxc1 Nc2 32. Bxb5 Qf6 33. Bd7 Qg6 34. Nh4
Qf7 35. Ba4 Nxd4 36. Qc8+ Kh7 37. Be3 Qf6 0-1

[Event "20th HZ Open 2016"]
[Site "Vlissingen NED"]
[Date "2016.08.11"]
[Round "7.8"]
[White "David, Alberto"]
[Black "Nitin, S."]
[Result "1-0"]
[WhiteTitle "GM"]
[BlackTitle "IM"]
[WhiteElo "2561"]
[BlackElo "2398"]
[WhiteFideId "4000013"]
[BlackFideId "5018277"]
[EventDate "2016.08.06"]

1. e4 c5 2. Nf3 d6 3. Bb5+ Nd7 4. d4 cxd4 5. Qxd4 a6 6. Bxd7+ Bxd7 7. Nc3 e5 8.
Qd3 h6 9. Nd2 Nf6 10. Nc4 Be6 11. Ne3 Rc8 12. O-O Be7 13. a4 O-O 14. Rd1 Qc7 15.
Bd2 Rfd8 16. Be1 Bc4 17. Nxc4 Qxc4 18. Qxc4 Rxc4 19. f3 Rdc8 20. Rd3 Bf8 21. Kf1
Nd7 22. Nd5 Nc5 23. Rc3 Ne6 24. Rxc4 Rxc4 25. c3 g6 26. Bf2 Rc6 27. g4 Nf4 28.
Nxf4 exf4 29. Ke2 Bg7 30. Ra3 Be5 31. Kd3 Kg7 32. Rb3 Rc7 33. Rb6 Kf6 34. c4 Ke7
35. b4 Kd8 36. Bd4 Rd7 37. a5 Kc8 38. Kc3 Kc7 39. h4 Re7 40. Bxe5 Rxe5 41. Kd4
g5 42. c5 Re6 43. hxg5 hxg5 44. Kd5 Re5+ 45. Kc4 Re6 46. b5 axb5+ 47. Kxb5 dxc5
48. Rxe6 fxe6 49. Kxc5 Kd7 50. Kb6 Kc8 51. a6 bxa6 52. Kxa6 Kc7 53. Kb5 Kd6 54.
Kb6 1-0

[Event "20th HZ Open 2016"]
[Site "Vlissingen NED"]
[Date "2016.08.11"]
[Round "7.9"]
[White "Timmermans, Mark"]
[Black "Ernst, Sipke"]
[Result "0-1"]
[WhiteTitle "FM"]
[BlackTitle "GM"]
[WhiteElo "2387"]
[BlackElo "2535"]
[WhiteFideId "1026399"]
[BlackFideId "1004689"]
[EventDate "2016.08.06"]

1. e4 c5 2. Nf3 e6 3. d4 cxd4 4. Nxd4 Nc6 5. Nc3 Qc7 6. Be3 a6 7. Be2 b5 8. Nxc6
Qxc6 9. Bf3 Bb7 10. e5 Qc7 11. O-O Ne7 12. Ne4 Nf5 13. Bd4 Rd8 14. Nd6+ Bxd6 15.
exd6 Qxd6 16. Bxg7 Qxd1 17. Rfxd1 Bxf3 18. Bxh8 Bxd1 19. Rxd1 Rc8 20. c3 Ke7 21.
Bd4 b4 22. g3 Nxd4 23. Rxd4 bxc3 24. bxc3 Rxc3 25. Ra4 Rc6 26. Rh4 d5 27. Kf1
Rc1+ 28. Ke2 Rc2+ 29. Ke3 Rxa2 30. Rxh7 a5 31. g4 a4 32. g5 Kf8 33. Rh8+ Kg7 34.
Ra8 a3 35. h4 Kg6 36. Rg8+ Kh5 37. Kf3 Rc2 38. g6 Rc3+ 39. Kf4 f6 40. Re8 e5+
41. Kf5 Rf3+ 0-1

[Event "20th HZ Open 2016"]
[Site "Vlissingen NED"]
[Date "2016.08.11"]
[Round "7.10"]
[White "Hausrath, Daniel"]
[Black "Rosen, Eric S"]
[Result "1/2-1/2"]
[WhiteTitle "GM"]
[BlackTitle "IM"]
[WhiteElo "2487"]
[BlackElo "2385"]
[WhiteFideId "4617495"]
[BlackFideId "2032562"]
[EventDate "2016.08.06"]

1. Nf3 Nf6 2. g3 d5 3. Bg2 e6 4. O-O Be7 5. d3 b6 6. c4 Bb7 7. cxd5 Nxd5 8. Nc3
O-O 9. Nxd5 Bxd5 10. Bd2 c5 11. Bc3 Bf6 12. Qc2 Nd7 13. e4 Bb7 14. d4 cxd4 15.
Nxd4 Rc8 16. Rad1 Qe7 17. Rfe1 Rfd8 18. Nf5 exf5 19. exf5 Ne5 20. Rxd8+ Rxd8 21.
Bxb7 Qxb7 22. Bxe5 Bxe5 23. Rxe5 Qf3 24. Qd2 Rc8 25. Qe3 Qxe3 26. Rxe3 h5 27. b4
Rc4 28. Re8+ Kh7 29. Re7 f6 30. Rxa7 Rxb4 31. a4 b5 32. Rb7 Rxa4 33. Rxb5 h4 34.
Kg2 hxg3 35. fxg3 Ra2+ 36. Kh3 Kh6 37. Rb4 Kg5 38. Rg4+ Kxf5 39. Rxg7 Rb2 40.
Rg8 Ke6 41. Re8+ Kf7 42. Re1 f5 43. Rg1 Kg6 44. Rg2 Rb4 45. Rf2 Kg5 46. Ra2 Rb5
47. Rf2 Rb4 48. Kg2 f4 49. Rxf4 Rxf4 50. gxf4+ Kxf4 51. h3 Kg5 52. Kg3 Kh6 53.
Kg4 Kg6 54. h4 Kh6 55. h5 Kh7 56. Kg5 Kg7 57. h6+ Kh7 58. Kh5 Kg8 59. Kg6 Kh8
60. h7 1/2-1/2

[Event "20th HZ Open 2016"]
[Site "Vlissingen NED"]
[Date "2016.08.11"]
[Round "7.11"]
[White "Liang, Awonder"]
[Black "Van Delft, Merijn"]
[Result "1-0"]
[WhiteTitle "IM"]
[BlackTitle "IM"]
[WhiteElo "2465"]
[BlackElo "2391"]
[WhiteFideId "2056437"]
[BlackFideId "1004670"]
[EventDate "2016.08.06"]

1. e4 c5 2. Nf3 d6 3. Bb5+ Nc6 4. O-O Bd7 5. Re1 Nf6 6. c3 a6 7. Bf1 Bg4 8. h3
Bxf3 9. Qxf3 e6 10. Qd1 Be7 11. d4 cxd4 12. cxd4 d5 13. e5 Nd7 14. Nc3 O-O 15.
Be3 Ndxe5 16. dxe5 d4 17. Bd2 dxc3 18. Bxc3 Qb6 19. Qg4 Bc5 20. Qg3 Rad8 21. Re4
Rd7 22. h4 Rfd8 23. Rae1 Bd4 24. h5 Bxc3 25. bxc3 Ne7 26. Rg4 g6 27. Qf3 Qc5 28.
Bc4 Nf5 29. Rf4 b5 30. Bf1 Rc8 31. c4 b4 32. Bd3 Re8 33. hxg6 fxg6 34. g3 Rd4
35. Bxf5 gxf5 36. Qh5 Re7 37. Rxd4 Qxd4 38. Rd1 Qg4 39. Rd8+ Kg7 40. Qxg4+ fxg4
41. Ra8 Rc7 42. Rxa6 Kf7 43. Ra4 Rxc4 44. Kg2 h5 45. a3 Re4 46. Rxb4 Rxe5 47. a4
Re1 48. a5 Ra1 49. Rb5 Kg6 50. Re5 Kf6 51. Rxh5 Kg6 52. Re5 Kf6 53. Rb5 e5 54.
Rb6+ Kf5 55. Ra6 Ke4 56. Ra8 Kf5 57. a6 Ke4 58. a7 Ra2 59. Kf1 Ra1+ 60. Ke2 Ra2+
61. Ke1 Ra1+ 62. Kd2 Ra2+ 63. Kc3 Rxf2 64. Rg8 Ra2 65. a8=Q+ Rxa8 66. Rxa8 Kf3
67. Kd2 Kxg3 68. Ke2 Kg2 69. Re8 g3 70. Rxe5 Kg1 71. Kf3 1-0

[Event "20th HZ Open 2016"]
[Site "Vlissingen NED"]
[Date "2016.08.11"]
[Round "7.12"]
[White "Vereggen, Lars"]
[Black "Debashis, Das"]
[Result "1/2-1/2"]
[WhiteTitle "FM"]
[BlackTitle "GM"]
[WhiteElo "2359"]
[BlackElo "2459"]
[WhiteFideId "1029258"]
[BlackFideId "5024854"]
[EventDate "2016.08.06"]

1. e4 c5 2. Nf3 d6 3. d4 Nf6 4. Nc3 cxd4 5. Nxd4 a6 6. f3 e5 7. Nb3 h5 8. Be3
Be6 9. Qd2 Nbd7 10. Nd5 Bxd5 11. exd5 g6 12. Be2 Bg7 13. O-O O-O 14. c4 b6 15.
Rac1 Kh7 16. g4 Nc5 17. Qe1 Rh8 18. Nd2 a5 19. Qh4 Kg8 20. g5 Nfd7 21. Ne4 Qe7
22. Rc3 Kh7 23. Bd3 Nxd3 24. Rxd3 Rhc8 25. Rc1 Nc5 26. Bxc5 bxc5 27. Rb3 Rcb8
28. Rcc3 a4 29. Rxb8 Rxb8 30. Qf2 Rb4 31. Qe2 Qd7 32. Ra3 Rb6 33. b3 axb3 34.
axb3 Qf5 35. Kg2 Bf8 36. Qe3 Kg7 37. Ra7 Qc8 38. Qc3 Qf5 39. Qe3 Qc8 40. Qc3 Qf5
41. Qe3 1/2-1/2

[Event "20th HZ Open 2016"]
[Site "Vlissingen NED"]
[Date "2016.08.12"]
[Round "8.1"]
[White "Mu, Ke"]
[Black "Van Wely, Loek"]
[Result "0-1"]
[BlackTitle "GM"]
[WhiteElo "2419"]
[BlackElo "2657"]
[WhiteFideId "8602778"]
[BlackFideId "1000268"]
[EventDate "2016.08.06"]

1. c4 Nf6 2. Nc3 e5 3. Nf3 Nc6 4. g3 Bb4 5. Bg2 Bxc3 6. dxc3 h6 7. O-O d6 8. b3
Be6 9. a4 Qd7 10. Re1 a5 11. Ba3 b6 12. b4 Rd8 13. b5 Ne7 14. c5 bxc5 15. Nd2
Bh3 16. e4 h5 17. Qf3 h4 18. Nf1 hxg3 19. hxg3 Bxg2 20. Qxg2 Qe6 21. f3 Nc8 22.
Bc1 Nb6 23. Ne3 Kd7 24. Qa2 Qh3 25. Qg2 Qe6 26. Qa2 Rh3 27. Qxe6+ Kxe6 28. Nf1
Rdh8 29. Kg2 Nfd7 30. Bg5 R3h7 31. Be3 Nc4 32. Bg1 Ndb6 33. Ra2 g6 34. Nh2 Nd7
35. Nf1 f6 36. Kf2 f5 37. Kg2 Nf6 38. Nd2 Nxd2 39. Rxd2 fxe4 40. fxe4 g5 41. b6
cxb6 42. Rb2 Rb7 43. c4 g4 44. Bf2 Kd7 45. Bg1 Rh3 46. Re3 Nh5 47. Reb3 Kc6 48.
Rb1 Ng7 49. Rf1 Ne6 50. Rf6 Nd4 51. Rd3 Rg7 52. Rd1 Rhh7 53. Rdf1 Kd7 54. Rf8
Nf3 55. Rd1 Rg6 56. Ra8 Kc6 57. Rc8+ Kb7 58. Rd8 Kc7 59. Ra8 Rh3 60. Ra7+ Kc6
61. Rf1 Rgh6 62. Kf2 Nd2 63. Re1 Rh2+ 64. Bxh2 Rxh2+ 65. Ke3 Nxc4+ 66. Kd3 Nb2+
67. Kc3 Nxa4+ 68. Kb3 Nb2 69. Rb1 Nd3 70. Kc3 Nb4 71. Rb2 Rh1 72. Rd2 Rg1 73.
Ra8 Rxg3+ 74. Kb2 Rd3 75. Rh2 g3 76. Rh7 Rd2+ 77. Kb3 Kb5 78. Rc7 a4+ 0-1

[Event "20th HZ Open 2016"]
[Site "Vlissingen NED"]
[Date "2016.08.12"]
[Round "8.2"]
[White "Landa, Konstantin"]
[Black "Van Foreest, Jorden"]
[Result "1/2-1/2"]
[WhiteTitle "GM"]
[BlackTitle "GM"]
[WhiteElo "2597"]
[BlackElo "2601"]
[WhiteFideId "4101685"]
[BlackFideId "1039784"]
[EventDate "2016.08.06"]

1. e4 c5 2. Nf3 e6 3. g3 Nc6 4. Bg2 Nf6 5. Nc3 d5 6. exd5 exd5 7. d4 Bg4 8. Be3
cxd4 9. Bxd4 Qe7+ 10. Kf1 O-O-O 11. h3 Bh5 12. Nb5 Qb4 13. a4 a6 14. Na7+ Nxa7
15. Bxa7 Qxb2 16. Kg1 Qc3 17. Rb1 Bc5 18. Rb3 Qa5 19. Bxc5 Qxc5 20. Qd4 Qxd4 21.
Nxd4 Rd7 22. f4 h6 23. f5 Rc7 24. g4 Rc4 25. Rd3 Rxa4 26. gxh5 Nxh5 27. Kf2 Nf6
28. Rhd1 Rc4 29. c3 Kc7 30. Ne2 Re8 31. Bxd5 Rc5 32. Ng3 Re7 33. Bf3 a5 34. Rb1
b6 35. Rbd1 Nd7 36. Bd5 Nf6 37. Bf3 b5 38. R1d2 a4 39. h4 Rc4 40. h5 Rc5 41. Rb2
Rd7 42. Re3 Kb6 43. Ke2 Ka5 44. Ra2 Rc4 45. Nf1 Rc5 46. Ng3 Rc4 47. Nf1 Rc5 1/2-1/2

[Event "20th HZ Open 2016"]
[Site "Vlissingen NED"]
[Date "2016.08.12"]
[Round "8.3"]
[White "Sasikiran, Krishnan"]
[Black "Liang, Awonder"]
[Result "1/2-1/2"]
[WhiteTitle "GM"]
[BlackTitle "IM"]
[WhiteElo "2658"]
[BlackElo "2465"]
[WhiteFideId "5004985"]
[BlackFideId "2056437"]
[EventDate "2016.08.06"]

1. d4 Nf6 2. Nf3 g6 3. Bg5 Bg7 4. Nbd2 O-O 5. e3 d5 6. Be2 Nbd7 7. O-O Re8 8. c4
h6 9. Bh4 e5 10. Rc1 e4 11. Ne1 c6 12. cxd5 cxd5 13. Qb3 g5 14. Bg3 Nf8 15. Nc2
Ng6 16. Qc3 Re7 17. Na3 a6 18. Rc2 h5 19. Bc7 Qe8 20. Rfc1 Bd7 21. Nb3 Bc6 22.
Bd6 Re6 23. Bb4 Nh4 24. Nc5 Ng4 25. Bxg4 hxg4 26. Nxe6 Qxe6 27. Qc5 a5 28. Bxa5
Bf8 29. Qb6 Nf3+ 30. Kf1 Nxh2+ 31. Ke1 g3 32. Bb4 Ng4 33. Bxf8 gxf2+ 34. Rxf2
Rxf8 35. Re2 f5 36. g3 f4 37. gxf4 gxf4 38. Kd2 fxe3+ 39. Kc3 Rc8 40. Kb4 Qf5
41. Rg1 Kf7 42. Nb5 Qd7 43. Nc3 Ba4 44. Rxg4 Rc6 45. Rf4+ Ke8 46. Qa5 Qd6+ 47.
Kxa4 Ra6 48. Qxa6 Qxa6+ 49. Kb3 Qc4+ 50. Kc2 Qxd4 51. Rf5 Qd3+ 52. Kc1 d4 53.
Re5+ Kd7 54. Rxe4 b5 55. a3 dxc3 56. R4xe3 cxb2+ 57. Kxb2 Qd4+ 58. Kc2 Qc4+ 59.
Kd1 Qa4+ 60. Kc1 Qc4+ 61. Rc2 Qf4 62. Rd2+ Kc7 63. Rb3 Kb6 64. Rd3 Qf1+ 65. Kb2
Qf6+ 66. Ka2 Qe6+ 67. Rb3 Ka5 68. Kb2 Qe5+ 69. Kc2 Qe4+ 70. Rdd3 Qe2+ 71. Kc1
Qf1+ 72. Kd2 Qf2+ 73. Kd1 Qf1+ 74. Kc2 Qe2+ 75. Rd2 Qe4+ 76. Rdd3 1/2-1/2

[Event "20th HZ Open 2016"]
[Site "Vlissingen NED"]
[Date "2016.08.12"]
[Round "8.4"]
[White "Oleksiyenko, Mykhaylo"]
[Black "Wan, Yunguo"]
[Result "1-0"]
[WhiteTitle "GM"]
[BlackTitle "GM"]
[WhiteElo "2610"]
[BlackElo "2458"]
[WhiteFideId "4152417"]
[BlackFideId "8603189"]
[EventDate "2016.08.06"]

1. e4 c5 2. Nf3 e6 3. d4 cxd4 4. Nxd4 a6 5. Be2 Nf6 6. Nc3 d6 7. O-O b5 8. Bf3
Ra7 9. a4 b4 10. Na2 e5 11. Nf5 d5 12. Bg5 Bxf5 13. exf5 e4 14. Be2 Nbd7 15. c3
bxc3 16. Nxc3 Qa8 17. Be3 Rc7 18. Qd2 Qb7 19. Bd4 Bb4 20. Qf4 Rc8 21. Rad1 O-O
22. g4 Bc5 23. Bxf6 Nxf6 24. g5 Qxb2 25. Bxa6 Rc6 26. Bb5 Bd6 27. Qh4 Rxc3 28.
gxf6 Rc5 29. fxg7 Kxg7 30. Kh1 Kh8 31. Rg1 Qe5 32. Qh6 Be7 33. Rde1 Qf6 34. Qh5
Bd6 35. Rg4 d4 36. Bd7 Rg8 37. Rxg8+ Kxg8 38. Qg4+ Kf8 39. Qxe4 Re5 40. Qa8+ Kg7
41. Rg1+ Kh6 42. Qg2 Be7 43. Qg4 Rc5 44. Qf4+ Kh5 45. Bb5 Re5 46. Rg3 1-0

[Event "20th HZ Open 2016"]
[Site "Vlissingen NED"]
[Date "2016.08.12"]
[Round "8.5"]
[White "Stany, G.A."]
[Black "David, Alberto"]
[Result "0-1"]
[WhiteTitle "IM"]
[BlackTitle "GM"]
[WhiteElo "2476"]
[BlackElo "2561"]
[WhiteFideId "5029104"]
[BlackFideId "4000013"]
[EventDate "2016.08.06"]

1. e4 c6 2. d4 d5 3. e5 Bf5 4. Nf3 e6 5. Be2 Ne7 6. Nbd2 h6 7. Nb3 Nd7 8. O-O g5
9. a4 a5 10. Bd2 Qc7 11. Rc1 Bg7 12. c4 O-O 13. Ne1 dxc4 14. Bxc4 Rfd8 15. Nc2
Nb6 16. Bxa5 Bxe5 17. Qh5 Bg7 18. Ne3 Bg6 19. Qh3 Rxa5 20. Nxa5 Rxd4 21. Qf3
Nxa4 22. b4 Nc3 23. Ng4 Rf4 24. Qh3 Ned5 25. g3 Rxc4 26. Nxc4 Ne2+ 27. Kh1 Nxc1
28. Rxc1 h5 29. Nge3 Nxb4 30. Qf1 g4 31. h3 b5 32. hxg4 hxg4 33. Na3 Nd3 34. Rd1
Be4+ 35. Kg1 Ne5 36. Qe2 Bf3 37. Qd2 Bxd1 38. Qxd1 f5 39. Qb3 Nf3+ 40. Kg2 Nd4 0-1

[Event "20th HZ Open 2016"]
[Site "Vlissingen NED"]
[Date "2016.08.12"]
[Round "8.6"]
[White "Rathnakaran, K."]
[Black "Zeng, Chongsheng"]
[Result "0-1"]
[WhiteTitle "IM"]
[BlackTitle "GM"]
[WhiteElo "2452"]
[BlackElo "2538"]
[WhiteFideId "5005507"]
[BlackFideId "8603847"]
[EventDate "2016.08.06"]

1. e4 c6 2. Nc3 d5 3. Nf3 Bg4 4. h3 Bxf3 5. Qxf3 Nf6 6. d3 e5 7. Bd2 Bb4 8. a3
Ba5 9. b4 Bb6 10. Rd1 O-O 11. g4 d4 12. Ne2 a5 13. Ng3 axb4 14. axb4 Ra2 15. Rc1
c5 16. Be2 cxb4 17. Bd1 Nc6 18. Rb1 Nd7 19. O-O Bc5 20. h4 Be7 21. Nf5 g6 22.
Nxe7+ Qxe7 23. Qg3 Nc5 24. Bh6 Rfa8 25. f4 b3 26. cxb3 Rd2 27. fxe5 Rxd3 28. Qf4
Nxe5 29. Bg5 Qe6 30. Rc1 Rc3 31. Rxc3 dxc3 32. Qe3 h6 33. Bf4 Ncd3 34. Bg3 Rc8
35. Qe2 Qb6+ 36. Kh1 Qd4 37. h5 g5 38. Bc2 Nb4 39. Rd1 Nxc2 40. Qxc2 Qxd1+ 41.
Qxd1 c2 0-1